000 00336nam a22001457a 4500
008 210301b ||||| |||| 00| 0 eng d
020 _a1567930409
041 _aeng
080 _a61
082 _a61
100 _a3
101 _aSHM
245 _aStrategic Choices for a Changing Health Care System
_cAltman, S.H
942 _2udc
_cBK
999 _c55403
_d55403